B1G Ten Team Logos - Statistics

General Stats
  • This quiz has been taken 32 times
  • The average score is 17 of 18
Answer Stats
Picture Answer % Correct
Iowa
100%
Michigan
100%
Nebraska
100%
Oregon
100%
Penn State
100%
Wisconsin
100%
Michigan State
97%
Minnesota
97%
Purdue
97%
Rutgers
97%
Indiana
93%
Northwestern
93%
USC
93%
Washington
93%
Illinois
90%
Maryland
90%
Ohio State
90%
UCLA
72%
No matching quizzes found
Score Distribution
Percent of People with Each Score
Percentile by Number Answered
Your Score History
You have not taken this quiz